| 000 | 00743nam a2200217 a 4500 | ||
|---|---|---|---|
| 001 | 000505867 | ||
| 003 | AM-YEHGA | ||
| 005 | 20250618075920.0 | ||
| 008 | 061026s1930 ai | |||||||||||||arm|d | ||
| 040 | _aAM-YeHGA | ||
| 041 | 1 | _aarm | |
| 100 | 0 | _aՇինկել | |
| 245 | 1 | 0 |
_aՊրոլետարական յերեխաների միջազգային հավաքը / _cՇինկել; Թարգմ.՝ Ամեռ. |
| 246 | 1 | 4 | _a2 պիոներական հավաքը |
| 260 |
_aՄոսկվա : _bԽՍՀՄ ժող. կենտր. հրատ., _c1930. |
||
| 300 |
_a20 էջ ; _c20 սմ. |
||
| 650 | 1 | 4 |
_aՊատանի պիոներների կազմակերպություն _95068 |
| 700 | 0 |
_aԱմեռ _eթարգմ. _4trl _925 |
|
| 942 |
_2udc _cBK |
||
| 090 | _c513438 | ||
| 999 |
_c509975 _d509975 |
||